000 00887nam a2200229Ia 4500
003 OSt
005 20250429160528.0
008 191128s1985 ck er 000 f spa d
020 _a9586140857
040 _aCO-JMCR
_cCO-JMCR
041 _aspa
082 0 4 _aA-N
_bSABt
100 1 _aSábato, Ernesto,
_d1911-2011
_eautor
_98096
245 1 3 _aEl túnel /
_cErnesto Sábato
260 _aBogotá :
_bPlaneta,
_c1985
300 _a137 páginas ;
_c19 cm
490 _aLiteratura contemporánea
500 _aIncluye biográfia del autor en contraportada.
520 _aLa obra El Tunel, se inicia con Castel, quien se presenta a sí mismo como autor del crimen que relatará. Luego narra cómo conoce a Maria en una exposición de pintura que él expone y donde la muchacha es la única persona que se ha dado cuenta del detalle d
650 1 4 _aNovela Adulto
_98097
942 _2ddc
_cBK
999 _c3515
_d3515